El consulado de Bilbao y la extensión americana de sus ordenanzas de comercio: 500 aniversario, 1511-2011
Salvato in:
| Autore principale: | |
|---|---|
| Natura: | Libro |
| Lingua: | spagnolo |
| Pubblicazione: |
Madrid, España
Dykinson
2007
|
| Soggetti: | |
| Tags: |
Aggiungi Tag
Nessun Tag, puoi essere il primo ad aggiungerne!!
|
MARC
| LEADER | 00000nam a2200000 a 4500 | ||
|---|---|---|---|
| 001 | UCG0678 | ||
| 003 | CL-VaPUC | ||
| 005 | 20210612001348.0 | ||
| 008 | 100401e20070000SP |||||||||||||||||spa|d | ||
| 999 | |c 340225 |d 340223 | ||
| 020 | |a 9788498491241 | ||
| 040 | |c Pontificia Universidad Católica de Valparaíso | ||
| 082 | 0 | 4 | |a 946.4663 DIV 2007 |2 21 |
| 100 | 0 | |a Divar Garteiz-Aurrecoa, Javier |e author |9 548154 | |
| 245 | 1 | 3 | |a El consulado de Bilbao y la extensión americana de sus ordenanzas de comercio: |b 500 aniversario, 1511-2011 |
| 260 | |a Madrid, España |b Dykinson |c 2007 | ||
| 300 | |a 188 páginas | ||
| 583 | |a last modification |c 20130325 06:34:15 |k Rodrigo Vera | ||
| 650 | 0 | |a Historia de España |9 315435 | |
| 650 | 7 | |a HISTORIA DE BILBAO |2 CL-VaPUC |9 548155 | |
| 650 | 0 | |a Comercio |z ESPAÑA |9 255341 | |
| 650 | 0 | |a Derecho mercantil |z ESPAÑA |9 371888 | |
| 651 | 7 | |a BILBAO |2 CL-VaPUC |9 399507 |z ESPAÑA | |
| 852 | |a BIBCUR | ||
| 942 | |c BK |2 ddc | ||
| 945 | |d 20100401 00:00:00 |a rbrito | ||
| 952 | |0 0 |1 0 |2 ddc |4 0 |6 946_466300000000000_DIV_2007 |7 0 |8 DER_HIS |9 434794 |a BIBDER |b BIBDER |d 2019-11-22 |i 4656717 |o 946.4663 DIV 2007 |p 4656717 |r 2023-01-25 |t 1 |w 2019-11-22 |x Ubicación 4to Piso |y BK |z Estos recursos deben solicitarse con anticipación |k DER | ||